Т. 2; Основные параметры природных процессов эндогенного рудообразования

Sonraí bibleagrafaíochta
Parent link:Основные параметры природных процессов эндогенного рудообразования: тезисы докладов к Всесоюзному совещанию/ СО АН СССР; Научный совет по проблемам рудообразования и металлогении Сибири; Институт геологии и геофизики; гл. ред. В. А. Кузнецов. Т. 2.— , 1977-
Teanga:Rúisis
Foilsithe / Cruthaithe: 1977
Ábhair:
Formáid: LEABHAR
KOHA link:https://koha.lib.tpu.ru/cgi-bin/koha/opac-detail.pl?biblionumber=99700

MARC

LEADER 00000nam2a2200000 4500
001 99700
005 20231031111825.0
035 |a (RuTPU)RU\TPU\book\107045 
090 |a 99700 
100 |a 20060711d1977 k y0rusy50 ca 
101 0 |a rus 
102 |a RU 
105 |a y z 100zy 
200 0 |a Т. 2 
210 |d 1977 
215 |a 151 с. 
461 1 |0 (RuTPU)RU\TPU\book\107043  |t Основные параметры природных процессов эндогенного рудообразования  |o тезисы докладов к Всесоюзному совещанию  |f СО АН СССР; Научный совет по проблемам рудообразования и металлогении Сибири; Институт геологии и геофизики; гл. ред. В. А. Кузнецов  |v Т. 2  |d 1977- 
610 1 |a эндогенное рудообразование 
610 1 |a природные процессы 
610 1 |a тезисы 
610 1 |a совещания 
610 1 |a Сибирь 
610 1 |a Дальний Восток 
610 1 |a месторождения полезных ископаемых 
610 1 |a сурьмяно-ртутные месторождения 
610 1 |a золоторудные месторождения 
610 1 |a колчеданно-полиметаллические месторождения 
610 1 |a медно-молибденовые месторождения 
610 1 |a оловянно-вольфрамовые месторождения 
610 1 |a железорудные месторождения 
610 1 |a медно-никелевые месторождения 
610 1 |a формирование 
675 |a 553.3/.4(063)  |v 3 
801 1 |a RU  |b 63413507  |c 20060209  |g PSBO 
801 2 |a RU  |b 63413507  |c 20091225  |g PSBO 
942 |c BK